MESTSKÁ KNIŽNICA GIRALTOVCE  - online katalóg 

Modranské biele (Record no. 10566)

000 -NÁVESTIE
fixed length control field 00623nam a2200205 a 4500
008 - ÚDAJE S PEVNOU DĹŽKOU – VŠEOBECNÉ INFORMÁCIE
fixed length control field 951211s1981||||[C 0 slo c
020 ## - MEDZINÁRODNÉ ŠTANDARDNÉ ČÍSLO KNIHY (ISBN)
Údaje o dostupnosti 13,50 Kčs.
Qualifying information (5000 výtl.)
040 ## - ZDROJ KATALOGIZÁCIE
Pôvodná katalogizujúca agentúra SNK
Jazyk katalogizácie slo
Prepisujúca agentúra SNK
Konvencie popisu AACR2
041 1# - KÓD JAZYKA
Kód jazyka textu/zvukovej stopy alebo samostatných nápisov slo
Kód jazyka originálu a/alebo sprostredkujúcich prekladov textu slo
044 ## - KÓD KRAJINY VYDAVATEĽA/PRODUCENTA
Kód krajiny MARC xo
Kód krajiny ISO SK
080 ## - ČÍSLO MEDZINÁRODNÉHO DESATINNÉHO TRIEDENIA (MDT)
Číslo Medzinárodného desatinného triedenia (MDT) 885.4-7
100 1# - OSOBNÉ MENÁ – VŠEOBECNÉ INFORMÁCIE
Osobné meno Fleischhacker, Pavel
Kód roly aut
245 10 - NÁZOV
Názov Modranské biele
Údaj o zodpovednosti atď. Pavel Fleischhacker ; Ivan Riabič
250 ## - ÚDAJ O PORADÍ VYDANIA
Údaj o poradí vydania 1., vyd.
260 ## - VYDAVATEĽSKÉ ÚDAJE, DISTRIBÚCIA ATĎ.
Miesto publikovania, distribúcie atď. Martin
Názov vydavateľa, distibútora atď. Osveta
Dátum publikovania, distribúcie atď. 1981
Miesto výroby Banská Bystrica
Výrobca Tlačiarne SNP
300 ## - FYZICKÝ POPIS
Rozsah 107 s., 5,17 AH
Rozmery 21 cm
500 ## - VŠEOBECNÁ POZNÁMKA
Formátovaná poznámka o obsahu Ilustr. na front. Slovník nárečových slov.
700 1# - PRIDANÝ VSTUP – OSOBNÉ MENO
Osobné meno Riabič, Ivan
Kód roly bkd
958 ## - Formálny deskriptor
Formálny deskriptor A
Holdings
Stav stiahnutia (Blokovanie) (Withrawn status) Stav straty Stav poškodenia (Damaged status) Nie pre výpožičky (Not for loan) Spôsob nadobudnutia (Collection code) Trvalé umiestnenie Aktuálne umiestnenie Dátum nadobudnutia Náklady, bežná kúpna cena Inventárne číslo (prírastkové číslo) Full call number Dátum posledného výskytu Cena s účinnosťou od Typ jednotky Koha
        Kúpa Mestská knižnica Giraltovce Mestská knižnica Giraltovce 2019-11-29 13.50 09939 B 4118 2019-11-29 2019-11-29 Krásna literatúra pre dospelých

Powered by Koha